Ťažký chlebík cestných dopravcov

Dopravné firmy sa pasujú s nedostatkom vodičov i minimálnou mzdou vo viacerých krajinách Európy. Zákon o minálnej mzde prijali po nemeckom MiLog a francúzskom LoiMacron aj Rakúšania. Zvyšujú nároky na zahraničných dopravcov vo forme zvýšenia nákladov na mzdy vodičov ako aj administratívne práce. Je...

Full description

Saved in:
Bibliographic Details
Main Author: Valachovičová, Viktória
Format: Book Chapter
Language:Slovak
Subjects:
Tags: Add Tag
No Tags, Be the first to tag this record!

MARC

LEADER 00000naa a2200000 4500
001 0229513
005 20221104112809.8
041 0 |a slo 
044 |a SK 
245 1 0 |a Ťažký chlebík cestných dopravcov  |c Viktória Valachovičová 
520 |a Dopravné firmy sa pasujú s nedostatkom vodičov i minimálnou mzdou vo viacerých krajinách Európy. Zákon o minálnej mzde prijali po nemeckom MiLog a francúzskom LoiMacron aj Rakúšania. Zvyšujú nároky na zahraničných dopravcov vo forme zvýšenia nákladov na mzdy vodičov ako aj administratívne práce. Je potrebná aktivizácia slovenskej strany a začala rokovania s rakúskou vládou o zmiernení pravidiel. 
610 2 0 |a doprava cestná nákladná 
610 2 0 |a vodiči 
610 2 0 |a vek 
610 2 0 |a predpisy právne 
610 2 0 |a mzdy minimálne 
610 2 0 |a Rakúsko 
610 2 0 |a Slovensko 
100 1 |a Valachovičová, Viktória